000 01147nam a22002297a 4500
005 2010072705385.0
010 _aHIN-89848
020 _a8177099434
_c75.00
020 _a9788177099430
_c75.00
035 _aHN-62194
037 _bDBAD / PUB
082 _a954
100 _aप्रसाद, कामेश्वर
_924246
245 _aभारत का इतिहास /
_cकामेश्वर प्रसाद
246 _aBharat ka Itihas
_bby Kameshwar Prasad
260 _aपटना
_bभारती भवन
_c2009
270 _aठाकुरबाड़ी रोड
_bपटना
_e800003
300 _a349पृ.
_bसचित्र
_c22सेमी (अजिल्द)
500 _aसी.बी.एस.सी. एंव बिहार, झारखंड तथा अन्य प्रादेशिक बोर्डों के लिए वर्ग 12 की पाठयपुस्तक
942 _2ddc
_cHN
_h954
_mप्रसाद
999 _c37939
_d37939